Statistiques concernant Pokémon : équipe Team Aqua/Magma

Cliquez ici pour prendre le quiz!

Statistiques générales

  • Ce quiz a été pris 85 fois
  • Le résultat moyen est 7 sur 10

Statistiques - réponses

NomPokémon% Correct
Admin Courtney/KelvinCamérupt
98%
Admin Matthieu/SarahSharpedo
95%
Leader Magma MaxGrahyèna
89%
Leader Aqua ArthurGrahyèna
89%
Nostenfer
85%
Nostenfer
85%
Méga Camérupt
52%
Méga Sharpedo
52%
Smogogo
40%
Grotadmorv
38%

Distribution des résultats

Percentile par nombre de réponses

% des personnes avec chaque résultat

Votre développement - résultats

Vous n’avez pas pris ce quiz